Bundesländer & Landeshauptstädte Deutschlands - mit Karte - Statistiken

Allgemein
  • Dieses Quiz wurde 11.405 mal gespielt
  • Das Durchschnittsergebnis liegt bei 27 aus 32
Antworten auf der Karte
Die Antworten werden auf der Karte rot bzw. grün angezeigt, abhängig davon wie oft sie richtig erraten wurden.
 
Antwortstatistiken
Antwort % Korrekt
Berlin
97%
Berlin
97%
Hamburg
95%
Hamburg
95%
Bayern
94%
Bremen
94%
Bremen
94%
München
93%
Sachsen
91%
Saarland
89%
Brandenburg
86%
Hessen
86%
Niedersachsen
86%
Sachsen-Anhalt
86%
Thüringen
85%
Saarbrücken
84%
Kiel
83%
Nordrhein-Westfalen
83%
Stuttgart
82%
Mecklenburg-Vorpommern
81%
Schleswig-Holstein
81%
Dresden
80%
Rheinland-Pfalz
79%
Düsseldorf
78%
Baden-Württemberg
76%
Potsdam
76%
Hannover
74%
Erfurt
73%
Mainz
73%
Schwerin
72%
Wiesbaden
68%
Magdeburg
65%
Keine übereinstimmenden Quizze gefunden
Verteilung der Resultate
Anzahl Personen mit jedem Resultat
Perzentil nach korrekt beantworteten Fragen
Ihre Resultats-Entwicklung
Sie haben dieses Quiz noch nicht gespielt